000
00294nam a2200109Ia 4500
008
230907s9999||||xx |||||||||||||| ||und||
082
_a
539.752,MAN
100
_a
Manea, Vladimir
_9
115128
245
0
_a
Binding energy of strongly deformed radionuclides:
300
_a
xxix, 121 p.:
942
_c
BK
999
_c
597650
_d
597650